| 000 | 01670nam a2200373 i 4500 | ||
|---|---|---|---|
| 001 | 197695 | ||
| 003 | ES-GrU | ||
| 005 | 20250708170048.0 | ||
| 007 | ta | ||
| 008 | 180716s2014 sp a 100 0 spa d | ||
| 035 | _a(ES-GrU)b29119480-34cbua_ugr | ||
| 035 | _a991006933349704990 | ||
| 040 |
_aUGR _bspa _cES-MaACL |
||
| 049 | _aEXTA-7 | ||
| 080 | _a008 | ||
| 111 | 2 |
_aConferencia Internacional Mediterránea _d(2014. _cValencia) _9241118 |
|
| 245 | 1 | 0 |
_aConferencia internacional mediterránea : _bFactum Maris : _cMultaqa de las tres culturas, 13, 14 y 14 de junio de 2014, [Reial Monestir de Santa Maria de la Valldigna] / _c[textos, Isabel Giner y José Manuel Gironés] |
| 260 |
_a[Valencia] : _bGeneralitat Valenciana, _c2014 |
||
| 300 |
_a114 páginas : _bilustrado ; _c20 cm + _e1CD |
||
| 336 |
_2rdacontent _atexto |
||
| 337 |
_2rdamedia _asin mediación |
||
| 338 |
_2rdacarrier _avolumen |
||
| 500 | _aPrecede al título: X Aniversario de la Multaqa de las tres culturas | ||
| 650 | 7 |
_aMediterráneo (Región)- _vCongresos _2EMBUS _9241119 |
|
| 650 | 7 |
_aCivilización- _vCongresos. _2EMBUS _9241120 |
|
| 700 | 1 |
_aGiner, Isabel, _eaut _9241121 |
|
| 700 | 1 |
_aGirones, José Manuel, _eaut _9241122 |
|
| 852 |
_aES-MaACL _cDEPO1 _jA-15759 _hDonación: Centro de Información Documental de Archivos (CIDA) _xEncuadernación rústica con solapas _9206117 |
||
| 914 | _aCentro de Información Documental de Archivos | ||
| 942 |
_n0 _cMONOGRAFIA |
||
| 999 |
_c197695 _d197695 |
||